Súčasný stav chirurgie katarakty na Slovensku

Podrobná bibliografia
Hlavní autori: Černák, M. (Autor), Černák, A. (Autor), Trnavec, B. (Autor)
Médium: Článok
Jazyk:slovenčina
Fyzický popis:Grafy, tab.
ISSN:1335-8995
Predmet:

MARC

LEADER 00000nab a2200000 ar4500
001 vtls008939529
003 SK-MaSNL
005 20260426083345.0
008 250505c2004 xo fr|p|||||||000 b|slo
015 |a SNBRB2007/01 
035 |a (uuid)9419e513-f7d6-4c91-a04f-64943e770d27 
035 |a urn:nbn:sk:snk-ab355o 
035 |a (urnnbn)urn:nbn:sk:snk:ar-a065bx 
038 |a SNKBUCL 
040 |a SNKBUCL  |b slo  |c SNKBUCL  |e AACR2 
041 0 |a slo 
044 |a xo  |c SK 
080 |a 617.741-004.1-089  |x (437.6)  |2 2001 
100 1 |a Černák, M.  |4 aut  |9 775214 
245 1 0 |a Súčasný stav chirurgie katarakty na Slovensku  |c M. Černák, A. Černák, B. Trnavec 
246 3 1 |a Current status of cataract surgery in Slovakia 
300 |b Grafy, tab. 
500 |a Na dokumente nesprávne ISSN 
650 0 7 |a katarakta  |2 snkbucl  |9 2502 
650 0 7 |a chirurgia  |2 snkbucl  |9 2178 
651 7 |a Slovensko  |2 snkbucl  |9 14231 
700 1 |a Černák, A.  |4 aut  |9 1143579 
700 1 |a Trnavec, B.  |4 aut  |9 1143736 
773 0 |t Transacta Ophthalmologica Slovaca  |g Roč. 4, č. 1 (2004), s. 5-10  |x 1335-8995 
850 |a Slovenská národná knižnica 
852 |a Slovenská národná knižnica 
954 |a odborná, vedecká literatúra pôvodná (slovenská)  |2 lita 
958 |a article27 
958 |a MI 
958 |a SK 
958 |a OND 
958 |a EUIPO 
999 |c 2903113  |d 2905043